El Ajuste estructural en acción

Gespeichert in:
Bibliographische Detailangaben
Format: Text
Schlagworte:
Tags: Tag hinzufügen
Keine Tags, Fügen Sie den ersten Tag hinzu!

MARC

LEADER 00000 a a2200000 04500
001 3933
003
040
245 |a El Ajuste estructural en acción  
650 |a ECONOMIA  
650 |a PRODUCTOS BASICOS  
650 |a PRODUCCION  
650 |a COSTA RICA  
773 |g número 17; páginas 14-16  
999 |c 31320  |d 31320